Ligue 1 TOTS - FIFA 21 - Statystyki

Ogólne statystyki
  • Ten quiz został rozwiązany 546 razy
  • Średni wynik to 10 z 15
Statystyki odpowiedzi
Overall Narodowość Klub Piłkarz % Poprawnych
94 Kostaryka PSG Navas
98%
96 Brazylia PSG Neymar
97%
97 Francja PSG Mbappe
96%
95 Argentyna PSG Di Maria
85%
95 Holandia Lyon Depay
83%
93 Francja Monaco Ben Yedder
80%
91 Turcja Lille Yilmaz
69%
93 Brazylia PSG Marquinhos
67%
93 Portugalia Lille Fonte
63%
90 Brazylia Lyon Paqueta
53%
92 Francja Lille Andre
51%
92 Francja Lille Bamba
49%
90 Francja Lens Clauss
48%
88 Brazylia Monaco Caio Henrique
37%
89 Francja Montpellier Laborde
34%
Nie znaleziono quizów pasujących do podanych kryteriów
Rozkład punktacji
Procent ludzi z każdym wynikiem
Percentyl według liczby udzielonych odpowiedzi
Twoja historia wyników
Nie rozwiązałeś tego quizu